000 00826nam a2200265 i 4500
001 bgj
100 1 _aTOMLINSON, Brian
245 1 0 _aReading :
_bupper-intermediate /
_cBrian Tomlinson & Rod Ellis.
250 _a[2nd imprint].
260 _aOxford :
_bOxford University Press,
_c1990.
300 _aVIII, 90 pp :
_bill. ;
_c25 cm.
490 1 _aOxford Supplementary Skills / Alan Maley, editor
500 _a1st published in 1987.
505 _aIncludes teacher's guide.
650 9 _aEnglish language
_xReading
655 _aTextbooks for foreigners
700 1 _aMALEY, Alan.
_eed.
830 0 _aOxford Supplementary Skills (Alan Maley, editor)
020 _a0194534022 (pbk)
040 _cBPK
041 0 _aeng
920 _a0-19-453402-2 (pbk)
942 _cKS
008 s uk f |000 0 eng
999 _c47800
_d47800